| 000 | 00515nam a2200169 i 4500 | ||
|---|---|---|---|
| 001 | 29040 | ||
| 003 | ES-MaACL | ||
| 005 | 20230906153953.0 | ||
| 007 | t| | ||
| 008 | 030120s1848 fr ||||1| fre d | ||
| 100 | 1 |
_aBalzac, Honoré de, _d1799-1850 _925139 |
|
| 245 | 1 | 3 |
_aLa marâtre _b: drame intime en cinq actes et huit tableaux / _cHonore de Balzac. |
| 260 |
_aParís : _bM. Levy, _c1848. |
||
| 300 |
_a95 p. ; _c19 cm. |
||
| 852 |
_aES-MaACL _jT-1406-F-1 _z.- Enc. en un vol. facticio |
||
| 999 |
_c29040 _d29040 |
||